Figures de style rares pour se la péter sans modération - Statistiques

Statistiques générales
  • Ce quiz a été pris 8 fois
  • Le résultat moyen est 6 sur 15
Statistiques - réponses
Définition wikipédia Exemple Réponse % Correct
rapprochement de deux mots qui ne diffèrent que par l'ordre de succession de quelques lettres, variante de l'antimétabole « S'il se pouvait un chœur de v'io'les v'oi'lées » Antimétathèse
100%
Désigne la disposition dans un même texte de plusieurs anadiploses successives, à la manière des maillons d'une chaîne « Comme le champ semé en 'verdure' foisonne,De 'verdure' se hausse en 'tuyau' verdissant, Du 'tuyau' se hérisse en 'épi' florissant, D''épi' jaunit en grain, que le chaud assaisonne : » Concaténation
100%
Répétition d'un groupe de mots ou plus souvent un vers à travers une ou plusieurs strophes « Voici venir les temps où vibrant sur sa tigeChaque fleur s'évapore ainsi qu'un encensoir; Les sons et les parfums tournent dans l'air du soir; Valse mélancolique et langoureux vertige ! Chaque fleur s'évapore ainsi qu'un encensoir; Le violon frémit comme un cœur qu'on afflige; Valse mélancolique et langoureux vertige ! Le ciel est triste et beau comme un grand reposoir. » Épanalepse
100%
Répétition de groupes de mots qui semblent fonctionner de manière autonome alors que la poursuite du texte montre que ces termes étaient en réalité les annonces d'un développement dont ils constituent les éléments « ... une maison dont la mémoire même ne subsiste plus. Cette maison... »- Voltaire Épanode
100%
répétition d'un mot ou d'un vers en fin de strophe « ... Sur mes cahiers d'écolierSur mon pupitre et les arbres Sur le sable sur la neige J'écris ton nom Sur toutes pages lues Sur toutes les pages blanches Pierre sang papier ou cendre J'écris ton nom... » Épiphore
100%
Répétition, généralement au début de phrase ou de vers, d'un élément repris ensuite (thème du propos) afin de le mettre en relief « Quant à toi, je t'attends au tournant » la thématisation
100%
Répétition de plusieurs termes de même racine, ou encore un même verbe sous différentes formes. Le mot subit des variations morpho-syntaxiques « Rome vous craindra plus que vous ne la craignez » le polyptote
100%
Faute d’écriture par redondance, qui consiste à l’ajout d’un ou de plusieurs détails inutiles qui n’apportent rien à la compréhension d’une idée ni à l’expression de cette idée, sinon pour l’alourdir ; proche du pléonasme « Alors, tout naïvement, sans y entendre malice, dans cette salle à manger de presbytère, si candide et si calme, avec son chemin de croix en petits tableaux et ses jolis rideaux clairs empesés comme de surplis... » Périssologie
100%
consiste à donner la parole à un absent, à une personne, à un animal ou à un être inanimé qui est personnifié, variante de l'hypotypose La forêt dit : « C'est toujours moi la sacrifiée,On me harcèle, on me traverse, on me brise à coups de hache, On me cherche noise, on me tourmente sans raison, On me lance des oiseaux à la tête ou des fourmis dans les jambes, Et l'on me grave des noms auxquels je ne puis m'attacher. » Prosopopée
100%
substitution de la structure syntaxique du premier membre d'une phrase alternative (en « ou bien… ou bien »), par une formule synthétique, souvent exclamative « Les uns, dirait-on, ne songent jamais à la réponse silencieuse de leur lecteur. ("les autres..." n'est pas exprimé) » Anantapodoton
67%
Replacement en début de phrase de mots éloignés de leur place habituelle afin de mieux retenir l'attention. « Le nez de Cléopâtre, s'il eût été plus court, toute la face de la terre aurait changé. » Anastrophe
50%
réarrangement d'un même vers, qui est morcelé en plusieurs répliques sous forme de phrases indépendantes « Hélas! / Écoute-moi / Je me meurs / Un moment / Va, laisse-moi mourir / Quatre mots seulement ... » Antilabe
50%
chiasme qui consiste à reprendre les mots d'une phrase dans une autre mais en en modifiant l'ordre de présentation, proche de l'anadiplose et de l'épanadiplose « Il faut manger pour vivre et non vivre pour manger » Antimétabole
50%
Répétition d'une même formule au début de phrases ou de segments de phrase successifs, dans la même structure syntaxique « On tue un homme : on est un assassin. On en tue des millions : on est un conquérant. On les tue tous : on est un Dieu. » Épanaphore
50%
Figure d'adjonction qui consiste à dire ce qu'on a de plus intime en cherchant ses mots ; proche de la licence et du "franc parler" « Avant qu'il disparaisse, je le traitai de cénobite, d'abscons, d'haïku, d'idiolecte... » la parrhésie
50%
figure de style qui consiste à prendre la cause pour la conséquence. « Il a perdu sa 'langue'. »langue = parole Métalepse
50%
Description animée et comme vivante d'un personnage ou d'un groupe de personnages, variante de l'hypotypose les portraits de types chez La Bruyère dans Les Caractères Prosopographie
50%
accord entre le verbe et le sujet non par les règles de grammaire mais par le sens ; autre nom de la syllepse grammaticale « L'ensemble des enfants crièrent » une constructio ad sensum
50%
prolongation de la phrase, par l'ajout d'un élément qui se trouve ainsi déplacé. « Tout ceci est à moi, et les domaines qui palpitent là-dessous. » une hyperbate
50%
utilisation d'un personnage imaginaire, historique ou abstrait pour évoquer ses assertions « Écoutez à présent la voix de la 'Justice' ! Si elle était devant vous, elle vous dirait : « Jugez en votre âme et conscience... » une sermocination
50%
Reprise d'un même mot en fin de phrase et en début de phrase suivante ; proche de la concaténation. L'épanadiplose et l'anadiplose sont des formes particulières d'épanalepses « Ô ce verre sur mes désirs ! Mes désirs à travers mon âme ! » anadiplose
33%
consiste à corriger une affirmation jugée trop faible en y ajoutant une expression plus frappante et énergique. « Votre prudence ou plutôt votre lâcheté nous ont perdu » Épanorthose
33%
Figure de style de répétition qui consiste à former un nombre égal ou quasi égal de syllabes dans une unité d'une période, généralement parce que ces groupes de mots utilisent la même structure syntaxique ; proche du parallélisme « Veni, vidi, vici » Isocolon
33%
Figure reposant sur une hyperbole, souvent humoristique, aboutissant à la description de faits inconcevables et contredisant en particulier les lois de la nature « Deux milliards d'hommes en long et moi, au-dessus d'eux, seule vigie » un adynaton
33%
Anacoluthe
0%
Synonyme de paronomase / répétition d'un phonème à travers plusieurs mots pour suggérer un autre mot essentiel à l'idée centrale « Comme on jetteDans l'eau muette, Un caillou lourd... » Annomination
0%
Répétition, dans une même phrase, d'un mot employé chaque fois avec une acception différente « Le cœur a ses raisons que la raison ne connaît point. » Antanaclase
0%
figure de réarrangement consistant à s'appuyer sur un argument faible pour le retourner en sa faveur « Le mérite de ce livre passionnant est d'accepter de ne pas dévoiler toutes les énigmes de ce peintre si mystérieux. » Antiparastase
0%
figure d'ironie consistant en une louange ou une flatterie adroite faisant semblant de blâmer ou de se plaindre de quelqu'un « Savez-vous bien que, pour cette œuvre seule, on vous aurait chassé de la république de Platon ? » Astéisme
0%
Répétition d'une accusation envers soi, délibérée ou feinte, afin de susciter une dénégation de l'interlocuteur « Oui, mon frère, je suis un méchant, un coupable » autocatégorème
0%
Répétition rhétorique d'arguments semblables qui vise à prouver une argumentation ou à justifier une idée qui n'est exposée qu'à la fin du discours ; proche de l'accumulation « Je l'ai brimé. Sa tête ne me revenait point. Et puis le bus était plein, et le temps maussade, et j'étais déprimé... » Conglobation
0%
Répétition d'une expression, d'un groupe de mots, d'une réplique à travers un discours (insistance, hantise, effet comique...) « Mais que diable allait-il faire dans cette galère ? »- Les Fourberies de Scapin, Molière Épanadiplose
0%
Répétition contiguë d'un même terme sans coordination « Ô triste, triste était mon âmeÀ cause, à cause d’une femme. » Épizeuxe
0%
Description des mœurs d'un personnage, variante de l'hypotypose Le portrait moral d'Alcis dans Les Caractères de Jean de La Bruyère, chapitre De la société et de la conversation, 7 Éthopée
0%
Figure proche de l'accumulation qui consiste à répéter un même argument sous des formes diverses « Que ton père a la forme enfoncée dans la matière ! que son intelligence est épaisse ! et qu'il fait sombre dans son âme ! » Expolition
0%
repose sur l'utilisation de trois mots, employés pour exprimer une idée ou une image. « Liberté, Égalité, Fraternité » Hendiatris
0%
maintien, par des mots associés, du parallélisme entre les termes d'une énumération pour l'équilibre ou la cadence de la phrase « Chez lui, le vers embrasse l'idée, s'y incorpore 'étroitement', la resserre et la développe 'tout à la fois', lui prête une figure plus svelte, plus stricte, 'plus complète', et nous la donne 'en quelque sorte' en élixir » hypozeuxe
0%
Répétition d'une cadence sur plusieurs segments de phrase « [...] son obscurité, glacée de lumière, formait la pénombre où j'étais assis. » Isocolie
0%
Répétition d'un ou plusieurs mots commençant et terminant une proposition, combinant l'anaphore et l'épiphore selon un schéma : A___B / A___B « Qui est l'auteur de cette loi ? Rullus. Qui a privé du suffrage la plus grande partie du peuple romain ? Rullus. Qui a présidé les comices ? Rullus. » la symploque
0%
Répétition d'un mot pour l'accentuer « Oh! le long, long cou » Palilogie
0%
Rapprochement excessif de syllabes identiques dans des mots successifs « Même et marine Marmara,Tu tues un temps tendre à périr. L'âme erre amène en des désirs Qui quitte enfin un art à rats » Paréchèse
0%
répétition dans une phrase ou une formule de deux groupes de mots à la sonorité similaire « Comme la vie est lente Et comme l'espérance est violente » Prosonomasie
0%
Rime de mots ou de morpème identiques mais dont le sens diffère « Comme on voit sur la branche au mois de mai la rose / Quand l'Aube de ses pleurs au point du jour l'arrose » rime équivoquée
0%
forme d'ironie qui consiste en l'allongement de l’expression visant à masquer son embarras ou à dissimuler une idée « D'avoir mis deux ans mon intelligence en friche, grâce aux supercheries de la Perfection, je n'étais que plus apte à tout apprendre (je dévorais) et à tout comprendre » une circonlocution
0%
changement brusque de temps, de mode, de nombre ou de genre, afin de dramatiser une situation. « La journée avait été pluvieuse et les hommes qui ne 'dormaient' plus, 'attendaient' l'ordre de combattre. Soudain, des coups de feu 'se font entendre' et un clairon 'résonne'. Il fallut partir en toute hâte. » une énallage
0%
Échange de points de vue ou d'images entre deux idées. « Le parfum blond de sa chevelure » une hypallage
0%
utilisation dans une même phrase d'un mot à la fois dans son sens propre et son sens figuré « Je percerai le cœur que je n'ai pu toucher » une syllepse de sens
0%
Consiste à prendre la partie pour le tout, proche de la métaphore « Elle vit sous mon toit » une synecdoque
0%
variante de l'hyperbate qui consiste en la division d'un mot composé, dont les parties se retrouvent séparées par un ou plusieurs mots « Porte-moi, porte 'doucement' moi » une tmèse
0%
synonymes d'amphigouri. Flux de paroles inutiles n'apportant aucune nouvelle information, proche du phébus et du galimatias Les personnages de La Cantatrice chauve d'Eugène Ionesco une verbigération / logorrhée
0%
remplacement de la subordination entre deux mots par une coordination « Penché sur l'onde et sur l'immensité » un hendiadys
0%
Faute de syntaxe (construction incorrecte) permettant d'aboutir à un langage populaire proche du barbarisme « Hier, j'ai retourné où nous étions été. » un solécisme
0%
Aucun quiz correspondant
Distribution des résultats
% des personnes avec chaque résultat
Percentile par nombre de réponses
Votre historique - résultats
Vous n’avez pas pris ce quiz